|
|
|
|
| LEADER |
01036nab a2200265 i 4500 |
| 001 |
publ27432 |
| 005 |
20230703150549.0 |
| 008 |
230615s2023 hu o 0|| Magyar d |
| 022 |
|
|
|a 0025-0279
|
| 024 |
7 |
|
|a 10.1556/0016.2023.00029
|2 doi
|
| 024 |
7 |
|
|a 34004416
|2 mtmt
|
| 040 |
|
|
|a SZTE Publicatio Repozitórium
|b hun
|
| 041 |
|
|
|a Magyar
|
| 100 |
1 |
|
|a Szél Erzsébet
|
| 245 |
1 |
2 |
|a A mentalizáció multidimenzionális kérdőívének (MMQ) magyar nyelvű adaptációja serdülők és fiatal felnőttek körében
|h [elektronikus dokumentum] /
|c Szél Erzsébet
|
| 260 |
|
|
|c 2023
|
| 300 |
|
|
|a 221 -249
|
| 490 |
0 |
|
|a MAGYAR PSZICHOLÓGIAI SZEMLE
|v 78 No. 2
|
| 650 |
|
4 |
|a Pszichológia
|
| 700 |
0 |
1 |
|a Kóródi Kitti
|e aut
|
| 700 |
0 |
1 |
|a Alessio Gori
|e aut
|
| 700 |
0 |
1 |
|a Jámbori Szilvia
|e aut
|
| 700 |
0 |
1 |
|a Szabó Éva
|e aut
|
| 856 |
4 |
0 |
|u http://publicatio.bibl.u-szeged.hu/27432/3/34004416_megjelent.pdf
|z Dokumentum-elérés
|
| 856 |
4 |
0 |
|u http://publicatio.bibl.u-szeged.hu/27432/1/Amentalizaciomultidimentionaliskerdoive.pdf
|z Dokumentum-elérés
|